000 00930nam a22002651u 4500
001 05794
003 HDC
007 cr bn ---
008 210121p xx fo d 00 engg
040 _aHDC
100 _aLEONARD ARIFF ABDUL SHATAR
_95760
245 0 _aHALPHARM 2011 :
_bHALAL PHARMACEUTICALS STANDARD - MS2424: 2010 /
_cby LEONARD ARIFF ABDUL SHATAR
260 _a[No place] :
_b[publisher not identified]
_c2011
300 _a50 pages :
_bIllustrations
336 _atext
_2rdacontent
337 _acomputer
_2rdamedia
338 _aonline resource
_2rdacarrier
650 _aHalal industry
_9144
650 _aHalal Pharmaceutical
_94162
650 _aHalal standards
_92716
856 _zRequest full-text at [email protected]
942 _2lcc
942 _cSLIDE
942 _kSLID 000606
999 _c3118
_d3118